Handbook of rules and regulations for the all India services. V 2. (Record no. 20263)

MARC details
000 -LEADER
fixed length control field 00316nam a2200109Ia 4500
082 ## - DEWEY DECIMAL CLASSIFICATION NUMBER
Classification number 35(035)
Item number IND.2
245 #0 - TITLE STATEMENT
Title Handbook of rules and regulations for the all India services. V 2.
250 ## - EDITION STATEMENT
Edition statement Ed.3
260 ## - PUBLICATION, DISTRIBUTION, ETC. (IMPRINT)
Place of publication India
Name of publisher Ministry of Home affairs
Year of publication 1962
942 ## - ADDED ENTRY ELEMENTS (KOHA)
Koha item type Books
Holdings
Withdrawn status Lost status Damaged status Not for loan Home library Current library Date acquired Full call number Accession Number Koha item type
        RRII Library RRII Library 16/12/2021 35(035) IND.2 00992 Books